| 000 | 00604nam a2200193Ia 4500 | ||
|---|---|---|---|
| 005 | 20250423101322.0 | ||
| 008 | 250422s9999 xx 000 0 und d | ||
| 020 | _a9781398613393 | ||
| 050 | _aHD 38.5 .R533/ | ||
| 100 | _aGwynne Richards and Susan Grinsted. | ||
| 245 | 4 | _aThe logistics and supply chain toolkit : over 100 tools for transport, warehousing and inventory management | |
| 250 | _a3rd Ed | ||
| 260 | _aNew York | ||
| 260 | _bKogan Page | ||
| 260 | _c2024 | ||
| 300 | _a441 p | ||
| 650 | _a Business logistics. Inventory control. Industrial management. | ||
| 942 | _cBK | ||
| 999 |
_c35954 _d35954 |
||